[Event "Play for Durgesh Fundraiser Blitz"]
[Site "Vishy Anand Arena"]
[Date "2020.09.19"]
[Round "8"]
[White "Shriya R"]
[Black "Duvvaabbulu"]
[Result "1-0"]
[WhiteElo "1841"]
[BlackElo "1712"]
[Annotator "NA"]
[PlyCount "97"]
[EventDate "2020.09.19"]
[EventType "swiss (blitz)"]

1. e4 d6 2. d4 Nf6 3. Nc3 Nbd7 4. Nf3 e5 5. Bc4 Be7 6. O-O c6 7. Re1 O-O 8. a4 Qc7 9. b3 b6 10. Bb2 Re8 11. Qd2 Bf8 12. Rad1 a6 13. Bd3 b5 14. axb5 axb5 15. d5 b4 16. Ne2 cxd5 17. exd5 Bb7 18. Bc4 Nc5 19. Qxb4 Rab8 20. Qd2 Bc8 21. Ng3 Bg4 22. Be2 g6 23. h3 Bd7 24. Bc4 Bg7 25. Nh2 Qc8 26. h4 Ng4 27. f3 Nxh2 28. Kxh2 Bb5 29. Bxb5 Rxb5 30. h5 Nd7 31. hxg6 hxg6 32. Qd3 Qc5 33. Ba3 Qb6 34. Bxd6 Nf6 35. c4 Rxb3 36. c5 Rxd3 37. cxb6 Rxd1 38. Rxd1 Rd8 39. Bc7 Rxd5 40. Rxd5 Nxd5 41. b7 Nxc7 42. b8=Q+ Kh7 43. Qxc7 f6 44. Ne4 Kh6 45. Qd6 g5 46. Nxf6 Bxf6 47. Qxf6+ Kh5 48. g4+ Kh4 49. Qh6# 1-0

[Event "Play for Durgesh Fundraiser Blitz"]
[Site "Vishy Anand Arena"]
[Date "2020.09.19"]
[Round "8"]
[White "Sujay_bm"]
[Black "Kingofall"]
[Result "0-1"]
[WhiteElo "1838"]
[BlackElo "1951"]
[PlyCount "32"]
[EventDate "2020.09.19"]
[EventType "swiss (blitz)"]

1. d4 d5 2. c4 dxc4 3. e4 Nf6 4. e5 Nd5 5. Bxc4 Nb6 6. Bd3 Nc6 7. Ne2 Bg4 8. f3 Bh5 9. Nbc3 e6 10. Be3 Nb4 11. Bb1 N4d5 12. Bd2 Bg6 13. Ne4 c6 14. Bg5 Bb4+ 15. N2c3 Nxc3 16. bxc3 Bxc3+ 0-1

[Event "Play for Durgesh Fundraiser Blitz"]
[Site "Vishy Anand Arena"]
[Date "2020.09.19"]
[Round "8"]
[White "SHANKHADEEP2006"]
[Black "Onkar Charpilwar"]
[Result "*"]
[WhiteElo "1836"]
[BlackElo "1373"]
[Annotator "NA"]
[PlyCount "69"]
[EventDate "2020.09.19"]
[EventType "swiss (blitz)"]

1. e4 c5 2. Nf3 d6 3. Bb5+ Nd7 4. Bxd7+ Bxd7 5. O-O Nf6 6. Re1 g6 7. d4 cxd4 8. Qxd4 Bg7 9. e5 dxe5 10. Qxe5 O-O 11. Qxe7 Qxe7 12. Rxe7 Rfe8 13. Rxe8+ Rxe8 14. Nc3 Rd8 15. Bg5 Bg4 16. Ne5 Bf5 17. Rc1 Ne4 18. Bxd8 Nxc3 19. bxc3 Bxe5 20. Rb1 b6 21. Re1 Bxc3 22. Re8+ Kg7 23. Be7 Ba5 24. Ra8 Bxc2 25. Rxa7 Bb1 26. a3 Bd2 27. Rb7 Bc1 28. Rxb6 Bf5 29. Bf6+ Kh6 30. a4 Bd2 31. h3 Bc2 32. Rb2 Bxa4 33. Rxd2 Bc6 34. Rd4 Bb5 35. Rh4# *

[Event "Play for Durgesh Fundraiser Blitz"]
[Site "Vishy Anand Arena"]
[Date "2020.09.19"]
[Round "8"]
[White "tacticabd"]
[Black "Atri Chattopadhyay"]
[Result "1-0"]
[WhiteElo "1825"]
[BlackElo "1913"]
[PlyCount "49"]
[EventDate "2020.09.19"]
[EventType "swiss (blitz)"]

1. e4 c5 2. b3 e5 3. Bb2 d6 4. Bb5+ Bd7 5. Bxd7+ Nxd7 6. Ne2 Be7 7. O-O f5 8. exf5 Nh6 9. Ng3 O-O 10. Qf3 Rb8 11. Nc3 g6 12. Qd5+ Kg7 13. fxg6 hxg6 14. Nce4 Nf6 15. Nxf6 Rxf6 16. f4 Ng4 17. h3 Nh6 18. Ne4 Rf5 19. g4 Rf8 20. fxe5 Rxf1+ 21. Rxf1 Kh7 22. exd6 Bh4 23. Rf7+ Kg8 24. Re7+ Kf8 25. Bg7# 1-0

[Event "Play for Durgesh Fundraiser Blitz"]
[Site "Vishy Anand Arena"]
[Date "2020.09.19"]
[Round "8"]
[White "RRaman"]
[Black "Deer25"]
[Result "1-0"]
[WhiteElo "1821"]
[BlackElo "1512"]
[Annotator "NA"]
[PlyCount "83"]
[EventDate "2020.09.19"]
[EventType "swiss (blitz)"]

1. d4 d5 2. e3 Nf6 3. f4 Bg4 4. Be2 Bxe2 5. Qxe2 e6 6. Nf3 Bd6 7. Nbd2 Nbd7 8. g3 c5 9. c3 Qc7 10. Ne5 Bxe5 11. fxe5 Ne4 12. Nxe4 dxe4 13. Qg4 cxd4 14. exd4 O-O 15. Bh6 g6 16. Bxf8 Nxf8 17. Qxe4 Nd7 18. O-O Rf8 19. Rf2 f5 20. exf6 Nxf6 21. Qh4 Nd5 22. Rxf8+ Kxf8 23. Rf1+ Kg8 24. Qh6 Qe7 25. c4 Nb6 26. b3 Nd7 27. Qf4 Kg7 28. Qc7 b6 29. Re1 a5 30. d5 e5 31. d6 Qe6 32. Rf1 Kh6 33. Qc6 e4 34. Qd5 Qe8 35. h4 e3 36. Rf7 Ne5 37. Re7 e2 38. Qxe5 e1=Q+ 39. Qxe1 Qf8 40. Qe3+ Kh5 41. Rxh7+ Kg4 42. Qf4+ 1-0

[Event "Play for Durgesh Fundraiser Blitz"]
[Site "Vishy Anand Arena"]
[Date "2020.09.19"]
[Round "8"]
[White "AyushR"]
[Black "fluffyfly"]
[Result "1-0"]
[WhiteElo "1794"]
[BlackElo "1655"]
[Annotator "NA"]
[PlyCount "88"]
[EventDate "2020.09.19"]
[EventType "swiss (blitz)"]

1. e4 c5 2. Nf3 d6 3. d4 cxd4 4. Nxd4 Nf6 5. Nc3 a6 6. Be2 e5 7. Nf5 d5 8. Ng3 d4 9. Nd5 Nxd5 10. exd5 Qa5+ 11. Bd2 Qxd5 12. O-O Nc6 13. Re1 Bc5 14. Bf3 Qd6 15. Bxc6+ bxc6 16. Qh5 O-O 17. Qxe5 Qxe5 18. Rxe5 Bb6 19. Rae1 Be6 20. Nf5 Bxf5 21. Rxf5 Rfe8 22. Rfe5 Rxe5 23. Rxe5 f6 24. Re7 Kf8 25. Rb7 Bc5 26. Rc7 Bd6 27. Rxc6 Ke7 28. g3 Rb8 29. b3 a5 30. Bxa5 Ba3 31. Rc7+ Kd6 32. Rxg7 Rc8 33. Rxh7 Rxc2 34. Rh8 Rxa2 35. Rd8+ Ke5 36. Bc7+ Ke4 37. Bb6 d3 38. Re8+ Kf3 39. Re3+ Kg4 40. Rxd3 Bc1 41. Rd1 Bg5 42. Rb1 Kf3 43. b4 Ra1 44. Rxa1 Bd2 1-0

[Event "Play for Durgesh Fundraiser Blitz"]
[Site "Vishy Anand Arena"]
[Date "2020.09.19"]
[Round "8"]
[White "Varunrambharose"]
[Black "TOY 2"]
[Result "1-0"]
[WhiteElo "1793"]
[BlackElo "1651"]
[Annotator "NA"]
[PlyCount "59"]
[EventDate "2020.09.19"]
[EventType "swiss (blitz)"]

1. e4 c5 2. Nf3 d6 3. d4 cxd4 4. Nxd4 Nf6 5. Nc3 Nc6 6. Bg5 e6 7. Qd2 a6 8. O-O-O h6 9. Bxf6 gxf6 10. f3 Rg8 11. g3 Bd7 12. Bc4 b5 13. Bb3 Qb6 14. Nxc6 Bxc6 15. Rhe1 Rh8 16. Nd5 Bxd5 17. exd5 e5 18. f4 h5 19. Kb1 a5 20. a4 b4 21. fxe5 fxe5 22. Bc4 Bh6 23. Qd3 Rc8 24. Bb5+ Ke7 25. Qf5 Bg7 26. Qd7+ Kf8 27. Qxc8+ Ke7 28. Qd7+ Kf8 29. Rf1 f6 30. Qe8# 1-0

[Event "Play for Durgesh Fundraiser Blitz"]
[Site "Vishy Anand Arena"]
[Date "2020.09.19"]
[Round "8"]
[White "Henrik"]
[Black "Manasa_chess lady"]
[Result "1-0"]
[WhiteElo "1787"]
[BlackElo "1784"]
[Annotator "NA"]
[PlyCount "73"]
[EventDate "2020.09.19"]
[EventType "swiss (blitz)"]
[WhiteTeam "SK Gründau"]

1. e4 e6 2. d4 d5 3. Nd2 c5 4. Ngf3 Nc6 5. exd5 exd5 6. Bb5 Qe7+ 7. Qe2 Qxe2+ 8. Kxe2 Bd7 9. Re1 O-O-O 10. Kf1 Nf6 11. Nb3 c4 12. Nc5 Bxc5 13. dxc5 a6 14. Bxc6 Bxc6 15. Nd4 Rhe8 16. Bg5 h6 17. Bxf6 gxf6 18. Nf5 Kc7 19. Nxh6 Bd7 20. Nxf7 Rxe1+ 21. Rxe1 Bf5 22. c3 Bd3+ 23. Kg1 Rd7 24. Nh6 Rg7 25. h3 Be4 26. Ng4 Bf5 27. Nxf6 Rg6 28. Nxd5+ Kc6 29. Ne7+ Kxc5 30. Nxg6 Bxg6 31. Re5+ Kd6 32. f4 Bb1 33. a3 b5 34. g4 a5 35. h4 b4 36. cxb4 axb4 37. axb4 1-0

[Event "Play for Durgesh Fundraiser Blitz"]
[Site "Vishy Anand Arena"]
[Date "2020.09.19"]
[Round "8"]
[White "COLGATE"]
[Black "Position"]
[Result "1-0"]
[WhiteElo "1782"]
[BlackElo "2124"]
[Annotator "NA"]
[PlyCount "97"]
[EventDate "2020.09.19"]
[EventType "swiss (blitz)"]

1. e4 Nc6 2. Nf3 d6 3. d4 Nf6 4. Nc3 g6 5. h3 Bg7 6. Be2 O-O 7. Be3 Re8 8. O-O e5 9. d5 Ne7 10. Qd2 Rf8 11. a3 Nh5 12. Ne1 Nf6 13. Nd3 Ne8 14. Na2 f5 15. f3 f4 16. Bf2 g5 17. c4 Ng6 18. c5 Nf6 19. Rfc1 h5 20. Qc2 Bd7 21. cxd6 cxd6 22. Qc7 Qe7 23. b4 g4 24. hxg4 hxg4 25. Qxb7 gxf3 26. Bxf3 Rfb8 27. Qc7 Ne8 28. Qc2 Nh4 29. Qe2 Nxf3+ 30. Qxf3 Nf6 31. Bh4 Qf7 32. Bxf6 Qxf6 33. Rc7 Rd8 34. Nf2 Qh4 35. Rac1 a5 36. b5 Bxb5 37. Rb1 Rab8 38. Nc3 Be8 39. Rxb8 Rxb8 40. Qd3 Bh5 41. Qd2 f3 42. gxf3 Qg3+ 43. Kf1 Bxf3 44. Nd3 Bxe4 45. Nxe4 Qf3+ 46. Ndf2 Rb1+ 47. Qe1 Rxe1+ 48. Kxe1 Qe3+ 49. Kf1 1-0

[Event "Play for Durgesh Fundraiser Blitz"]
[Site "Vishy Anand Arena"]
[Date "2020.09.19"]
[Round "8"]
[White "Passedpawnindia"]
[Black "Architsaigal"]
[Result "1-0"]
[WhiteElo "1770"]
[BlackElo "1635"]
[Annotator "NA"]
[PlyCount "79"]
[EventDate "2020.09.19"]
[EventType "swiss (blitz)"]

1. d4 d5 2. c4 c6 3. Nf3 Nf6 4. Nc3 e6 5. Bg5 Nbd7 6. e3 Be7 7. Rc1 O-O 8. Bd3 dxc4 9. Bxc4 b5 10. Bd3 Bb7 11. O-O a6 12. Bxf6 Nxf6 13. Ne4 Nd5 14. Nc5 Rb8 15. Ne5 Bxc5 16. Rxc5 Nb4 17. Bb1 Rc8 18. Qh5 g6 19. Qh6 Qe7 20. Rfc1 f6 21. Nf3 f5 22. Ne5 Rc7 23. h4 Qf6 24. Qg5 f4 25. Qxf6 Rxf6 26. e4 Kg7 27. a3 Bc8 28. axb4 h6 29. Ba2 g5 30. h5 g4 31. Nxg4 Rff7 32. Ne5 Kf6 33. Nxf7 Kxf7 34. Rxc6 Kf6 35. Rxc7 Kg5 36. Rxc8 Kxh5 37. Bxe6 Kh4 38. Rg8 h5 39. Rc3 f3 40. Rxf3 1-0

[Event "Play for Durgesh Fundraiser Blitz"]
[Site "Vishy Anand Arena"]
[Date "2020.09.19"]
[Round "8"]
[White "Scorpion29"]
[Black "Tknayak101"]
[Result "1-0"]
[WhiteElo "1754"]
[BlackElo "1680"]
[Annotator "NA"]
[PlyCount "73"]
[EventDate "2020.09.19"]
[EventType "swiss (blitz)"]

1. e4 c5 2. b4 cxb4 3. a3 d6 4. axb4 e6 5. d4 Nf6 6. Bd3 Be7 7. b5 O-O 8. Ne2 Nbd7 9. O-O b6 10. c4 Bb7 11. Nd2 Qc7 12. Bb2 Rfc8 13. Rc1 a5 14. bxa6 Bxa6 15. f4 Bb7 16. e5 dxe5 17. fxe5 Ng4 18. Qe1 Bg5 19. Nf4 Ra2 20. Bc3 Nf8 21. Qg3 Bxf4 22. Rxf4 Nh6 23. Ne4 Ng6 24. Rff1 Ba6 25. Nd6 b5 26. Nxc8 Qxc8 27. cxb5 Bb7 28. Bd2 Qa8 29. Bxh6 Rxg2+ 30. Qxg2 Bxg2 31. Rf2 Bh3 32. Rfc2 Qf3 33. Bf1 gxh6 34. Bxh3 Qxh3 35. b6 Qe3+ 36. Kh1 Qe4+ 37. Rg2 1-0

[Event "Play for Durgesh Fundraiser Blitz"]
[Site "Vishy Anand Arena"]
[Date "2020.09.19"]
[Round "8"]
[White "Poorvi_2005"]
[Black "Snehil29"]
[Result "0-1"]
[WhiteElo "1746"]
[BlackElo "1997"]
[Annotator "NA"]
[PlyCount "48"]
[EventDate "2020.09.19"]
[EventType "swiss (blitz)"]

1. c4 Nf6 2. Nc3 e6 3. d4 d5 4. cxd5 exd5 5. e3 Bb4 6. Bd2 O-O 7. Nf3 c6 8. h3 Bf5 9. g4 Bg6 10. Bg2 c5 11. a3 Bxc3 12. Bxc3 Ne4 13. O-O c4 14. Nd2 f5 15. Bxe4 fxe4 16. f3 exf3 17. Nxf3 Nc6 18. Qd2 Be4 19. Rf2 Rxf3 20. Raf1 Rxh3 21. Rh2 Qh4 22. Qf2 Rg3+ 23. Qxg3 Qxg3+ 24. Rg2 Qxg2# 0-1

[Event "Play for Durgesh Fundraiser Blitz"]
[Site "Vishy Anand Arena"]
[Date "2020.09.19"]
[Round "8"]
[White "Haldankardhruv"]
[Black "Stuti_Bhatt"]
[Result "1-0"]
[WhiteElo "1745"]
[BlackElo "1463"]
[Annotator "NA"]
[PlyCount "91"]
[EventDate "2020.09.19"]
[EventType "swiss (blitz)"]

1. e4 e5 2. Nf3 Nc6 3. c3 d5 4. Qa4 dxe4 5. Nxe5 Qd5 6. Nxc6 bxc6 7. Bc4 Qc5 8. O-O Qd6 9. Qb3 Be6 10. Bxe6 fxe6 11. Re1 Nf6 12. Na3 Kf7 13. Nc4 Qd5 14. Ne3 Qd3 15. Qb7 Bd6 16. Qxc6 Rhd8 17. Qc4 Qxc4 18. Nxc4 Rab8 19. b3 Bf4 20. g3 Bd6 21. Bb2 e5 22. Rad1 Rb5 23. d4 exd3 24. Rxd3 Rd5 25. Rxd5 Nxd5 26. Rd1 Ke6 27. Nxd6 cxd6 28. Kg2 Nb6 29. Kf3 Rf8+ 30. Ke3 d5 31. f4 exf4+ 32. gxf4 Rf5 33. Rg1 d4+ 34. cxd4 Nd5+ 35. Kd3 Rxf4 36. Rxg7 Rh4 37. Rxa7 Rxh2 38. Bc1 Rh3+ 39. Kc4 Rc3+ 40. Kb5 Rxc1 41. Rxh7 Rd1 42. Rh6+ Kf5 43. Rd6 Ke4 44. a4 Rf1 45. a5 Rb1 46. Kc4 1-0

[Event "Play for Durgesh Fundraiser Blitz"]
[Site "Vishy Anand Arena"]
[Date "2020.09.19"]
[Round "8"]
[White "Aniketmohapatra"]
[Black "aanjaneya"]
[Result "0-1"]
[WhiteElo "1744"]
[BlackElo "1884"]
[Annotator "NA"]
[PlyCount "76"]
[EventDate "2020.09.19"]
[EventType "swiss (blitz)"]

1. d4 d5 2. c4 c6 3. Nc3 Nf6 4. Nf3 dxc4 5. a4 e6 6. Bg5 Bb4 7. e4 Qa5 8. Qc2 Bxc3+ 9. bxc3 Nbd7 10. e5 Nd5 11. Rc1 b5 12. axb5 cxb5 13. Be2 b4 14. cxb4 Qxb4+ 15. Bd2 c3 16. Bxc3 Nxc3 17. Qxc3 Qxc3+ 18. Rxc3 O-O 19. O-O Nb6 20. Rfc1 Bb7 21. h3 Nd5 22. Rb3 Rfb8 23. Rcb1 Nb6 24. Ra3 Be4 25. Rc1 a5 26. Rc5 a4 27. Rb5 Bc2 28. Ra2 Bb3 29. Ra3 Nd5 30. Rxb8+ Rxb8 31. Nd2 Nc3 32. Bf1 Nb5 33. Ra1 Nxd4 34. Rb1 a3 35. Nxb3 Nxb3 36. Bc4 a2 37. Rd1 a1=Q 38. Rxa1 Nxa1 0-1

[Event "Play for Durgesh Fundraiser Blitz"]
[Site "Vishy Anand Arena"]
[Date "2020.09.19"]
[Round "8"]
[White "Arunava"]
[Black "grandmaster1361"]
[Result "1-0"]
[WhiteElo "1743"]
[BlackElo "1787"]
[Annotator "NA"]
[PlyCount "53"]
[EventDate "2020.09.19"]
[EventType "swiss (blitz)"]

1. d4 Nf6 2. c4 e6 3. Nf3 d5 4. Nc3 dxc4 5. e3 Bb4 6. Bxc4 Bxc3+ 7. bxc3 O-O 8. O-O Nc6 9. a4 a6 10. a5 Ne7 11. Ba3 Re8 12. Ne5 Ng6 13. f4 Nd5 14. Qd2 Qh4 15. f5 exf5 16. Bxd5 Nxe5 17. dxe5 Be6 18. Bxb7 Rab8 19. Bxa6 Rb3 20. Bb4 Rd8 21. Qf2 Qg5 22. Qf4 Qg6 23. Rad1 Rxd1 24. Rxd1 Bd5 25. Rxd5 Rb1+ 26. Bf1 Qc6 27. Rd8+ 1-0

[Event "Play for Durgesh Fundraiser Blitz"]
[Site "Vishy Anand Arena"]
[Date "2020.09.19"]
[Round "8"]
[White "Uddipanroy"]
[Black "Sparsh gupta"]
[Result "1-0"]
[WhiteElo "1737"]
[BlackElo "1506"]
[Annotator "NA"]
[PlyCount "85"]
[EventDate "2020.09.19"]
[EventType "swiss (blitz)"]

1. e4 c5 2. Nc3 d6 3. g3 Nf6 4. Bg2 g6 5. d3 Bg7 6. h3 O-O 7. Be3 Nc6 8. Qd2 Bd7 9. f4 e6 10. O-O-O a6 11. g4 Nb4 12. f5 exf5 13. exf5 b5 14. g5 Nh5 15. f6 Bh8 16. a3 Nc6 17. Bf3 Rb8 18. Bxh5 gxh5 19. Qe2 Ne5 20. Qxh5 Ng6 21. Nf3 Re8 22. Bd2 Re6 23. Nh4 Qf8 24. Nf5 Re5 25. Nh6+ Qxh6 26. Qxh6 b4 27. axb4 cxb4 28. Ne4 Bf5 29. Nxd6 b3 30. Nxf5 Rxf5 31. Rde1 Re5 32. Rxe5 Nxe5 33. Re1 Nf3 34. Re7 Nxd2 35. Qh5 Rf8 36. Kxd2 a5 37. d4 a4 38. cxb3 axb3 39. d5 h6 40. d6 hxg5 41. Qxg5+ Kh7 42. Re4 Bxf6 43. Rh4# 1-0

[Event "Play for Durgesh Fundraiser Blitz"]
[Site "Vishy Anand Arena"]
[Date "2020.09.19"]
[Round "8"]
[White "Avichaljadeja02"]
[Black "ArunaD"]
[Result "1-0"]
[WhiteElo "1730"]
[BlackElo "1582"]
[Annotator "NA"]
[PlyCount "31"]
[EventDate "2020.09.19"]
[EventType "swiss (blitz)"]

1. e4 e5 2. Nf3 d6 3. d4 Bg4 4. dxe5 Nd7 5. exd6 Bxd6 6. Nc3 Qe7 7. Be2 Ngf6 8. O-O O-O-O 9. Be3 Bxf3 10. Bxf3 Kb8 11. Qd4 Nb6 12. Nd5 Nfxd5 13. exd5 Bc5 14. Qd2 Rhe8 15. Rfe1 Qh4 16. Bxc5 1-0

[Event "Play for Durgesh Fundraiser Blitz"]
[Site "Vishy Anand Arena"]
[Date "2020.09.19"]
[Round "8"]
[White "Dev11"]
[Black "The ChessForce"]
[Result "1-0"]
[WhiteElo "1719"]
[BlackElo "1579"]
[Annotator "NA"]
[PlyCount "53"]
[EventDate "2020.09.19"]
[EventType "swiss (blitz)"]

1. e4 e5 2. Nf3 Nc6 3. d4 exd4 4. Nxd4 Nf6 5. Nc3 Bb4 6. Nxc6 bxc6 7. Bd3 d5 8. exd5 cxd5 9. O-O O-O 10. Bg5 Be7 11. Bxf6 Bxf6 12. Nxd5 Bxb2 13. Rb1 Bf6 14. Qf3 Be6 15. Nf4 Bxa2 16. Rb7 Be6 17. Nxe6 fxe6 18. Qh3 g6 19. Qxe6+ Kg7 20. Qc4 Be5 21. Qe6 Qd4 22. Rb5 Bd6 23. Rd5 Qf6 24. Qd7+ Rf7 25. Qh3 Raf8 26. Ra5 Qe6 27. Qxe6 1-0

[Event "Play for Durgesh Fundraiser Blitz"]
[Site "Vishy Anand Arena"]
[Date "2020.09.19"]
[Round "8"]
[White "chessking2003 qw"]
[Black "Twobrothers"]
[Result "1-0"]
[WhiteElo "1717"]
[BlackElo "1881"]
[Annotator "NA"]
[PlyCount "95"]
[EventDate "2020.09.19"]
[EventType "swiss (blitz)"]

1. e4 e5 2. Nf3 Nc6 3. d4 exd4 4. Bc4 Nf6 5. O-O Nxe4 6. Re1 d5 7. Bxd5 Qxd5 8. Nc3 Qh5 9. Nxe4 Be6 10. Bg5 Bd6 11. Nxd6+ cxd6 12. Bf4 Qd5 13. c3 Kd7 14. Nxd4 Nxd4 15. cxd4 h6 16. Qa4+ Qc6 17. Qb4 Rac8 18. Rac1 Qd5 19. Qa4+ Rc6 20. Qxa7 Rxc1 21. Rxc1 Rc8 22. Qa4+ Ke7 23. Rxc8 Bxc8 24. Qc2 Qxa2 25. Qxc8 Qxb2 26. Qc7+ Kf6 27. Qxd6+ Kf5 28. Qe5+ Kg6 29. Qe4+ f5 30. Qe6+ Kh7 31. Qxf5+ Kg8 32. h3 Qa1+ 33. Kh2 Qxd4 34. Be5 Qd5 35. Qc8+ Kh7 36. Qc7 Qg8 37. Qxb7 Qf8 38. Qxg7+ Qxg7 39. Bxg7 Kxg7 40. Kg3 Kg6 41. Kg4 h5+ 42. Kh4 Kh6 43. g4 Kg6 44. gxh5+ Kh6 45. f4 Kg7 46. f5 Kf7 47. Kg4 Kf6 48. h4 1-0

[Event "Play for Durgesh Fundraiser Blitz"]
[Site "Vishy Anand Arena"]
[Date "2020.09.19"]
[Round "8"]
[White "suryamnaik"]
[Black "maddy_ducky"]
[Result "1-0"]
[WhiteElo "1713"]
[BlackElo "1504"]
[Annotator "NA"]
[PlyCount "83"]
[EventDate "2020.09.19"]
[EventType "swiss (blitz)"]

1. e4 e5 2. Nf3 Nc6 3. Bb5 a6 4. Ba4 Nf6 5. O-O Be7 6. Re1 b5 7. Bb3 O-O 8. h3 d6 9. c3 Na5 10. Bc2 c5 11. d4 exd4 12. cxd4 Bb7 13. d5 Bc8 14. Nbd2 Qc7 15. Nf1 Bd7 16. Be3 Nc4 17. Bc1 Ne5 18. Nxe5 dxe5 19. Be3 Bd6 20. Rc1 Rac8 21. a4 b4 22. Bg5 Ne8 23. Ng3 h6 24. Be3 Nf6 25. Nh5 Nxh5 26. Qxh5 Qd8 27. Bxh6 gxh6 28. Qxh6 Re8 29. Re3 Be7 30. Rg3+ Bg5 31. Rxg5+ Qxg5 32. Qxg5+ Kf8 33. d6 Re6 34. Bb3 Rg6 35. Qxe5 Bxh3 36. g3 Re8 37. Qh8+ Rg8 38. Qxh3 Rxe4 39. d7 Ke7 40. Rd1 Rd8 41. Qf5 Re2 42. Qxf7# 1-0

[Event "Play for Durgesh Fundraiser Blitz"]
[Site "Vishy Anand Arena"]
[Date "2020.09.19"]
[Round "8"]
[White "Ashutosh Agrawal"]
[Black "Tchitnis"]
[Result "0-1"]
[WhiteElo "1705"]
[BlackElo "1651"]
[Annotator "NA"]
[PlyCount "62"]
[EventDate "2020.09.19"]
[EventType "swiss (blitz)"]

1. e4 e5 2. Nf3 Nc6 3. Bc4 Bc5 4. b4 Bb6 5. c3 Nf6 6. O-O a6 7. d3 d6 8. a4 O-O 9. Bg5 Bg4 10. h3 Bh5 11. Nbd2 h6 12. Bh4 Qe7 13. Qc2 Rad8 14. a5 Ba7 15. b5 axb5 16. Bxb5 Nb8 17. a6 Nxa6 18. Bxa6 bxa6 19. Rxa6 Bb6 20. Rfa1 Qe6 21. Qb3 Qxb3 22. Nxb3 Rb8 23. Nfd2 Nd7 24. Nc4 Nc5 25. Nxc5 Bxc5 26. R1a4 Rb3 27. d4 exd4 28. cxd4 Bxd4 29. Nd2 Rd3 30. Nb3 Be5 31. Rb4 Rd1# 0-1

[Event "Play for Durgesh Fundraiser Blitz"]
[Site "Vishy Anand Arena"]
[Date "2020.09.19"]
[Round "8"]
[White "HarshPandit"]
[Black "PRANAVAJ"]
[Result "1-0"]
[WhiteElo "1699"]
[BlackElo "1812"]
[Annotator "NA"]
[PlyCount "109"]
[EventDate "2020.09.19"]
[EventType "swiss (blitz)"]

1. d4 Nf6 2. c4 g6 3. Nc3 Bg7 4. e4 d6 5. Be3 O-O 6. Bd3 e5 7. d5 a5 8. Nge2 Na6 9. O-O b6 10. f4 Ng4 11. Bd2 exf4 12. Bxf4 Ne5 13. Ng3 Nc5 14. Be2 h5 15. Qd2 h4 16. Nh1 Kh7 17. Bg5 f6 18. Bxh4 Bh6 19. Qe1 Ba6 20. b3 Bc8 21. Rc1 Bd7 22. Rd1 Qe7 23. Qf2 g5 24. Bg3 Bg7 25. Qe1 Kg6 26. Nf2 Rh8 27. Nd3 Ncxd3 28. Bxd3 Raf8 29. Bc2 Kf7 30. Nb5 Bxb5 31. cxb5 Ke8 32. Qc3 Kd8 33. Bxe5 fxe5 34. Qc6 Qd7 35. Qa8+ Ke7 36. Qc6 Qxc6 37. bxc6 g4 38. g3 Bh6 39. Rf2 Be3 40. Rdf1 Rf6 41. Kg2 Bxf2 42. Rxf2 Rxf2+ 43. Kxf2 Rxh2+ 44. Ke3 Rxc2 45. Kd3 Rxa2 46. Kc3 Rg2 47. b4 Rxg3+ 48. Kc4 Rf3 49. Kb5 Rf4 50. bxa5 g3 51. axb6 g2 52. bxc7 g1=Q 53. c8=Q Qb1+ 54. Ka6 Kf6 55. Qe6+ 1-0

[Event "Play for Durgesh Fundraiser Blitz"]
[Site "Vishy Anand Arena"]
[Date "2020.09.19"]
[Round "8"]
[White "Rosh161011"]
[Black "V_j"]
[Result "1-0"]
[WhiteElo "1685"]
[BlackElo "1598"]
[Annotator "NA"]
[PlyCount "101"]
[EventDate "2020.09.19"]
[EventType "swiss (blitz)"]

1. d4 Nf6 2. c3 d5 3. Qc2 c5 4. Nf3 e6 5. e3 Bd6 6. Bd3 c4 7. Be2 O-O 8. O-O Qc7 9. Nbd2 Nbd7 10. e4 dxe4 11. Nxe4 b6 12. Nxd6 Qxd6 13. Be3 Bb7 14. Bxc4 Rac8 15. Bd3 e5 16. dxe5 Nxe5 17. Nxe5 Qxe5 18. Bd4 Qd5 19. f3 Qc6 20. Bxf6 Qxf6 21. Bxh7+ Kh8 22. Be4 Bxe4 23. Qxe4 Rfe8 24. Qc2 Re5 25. Rae1 Rce8 26. Rxe5 Rxe5 27. Rd1 g6 28. Qd2 Kg7 29. Re1 Rxe1+ 30. Qxe1 Qc6 31. Qd2 Qc5+ 32. Qd4+ Qxd4+ 33. cxd4 Kf6 34. Kf2 Ke6 35. Ke3 Kd5 36. Kd3 a5 37. h4 b5 38. g4 b4 39. h5 gxh5 40. gxh5 Ke6 41. h6 Kf6 42. d5 Kg5 43. d6 Kxh6 44. d7 Kg6 45. d8=Q Kg7 46. f4 Kg6 47. f5+ Kg7 48. Qg5+ Kf8 49. Ke4 Ke8 50. Kd5 Kf8 51. f6 1-0

[Event "Play for Durgesh Fundraiser Blitz"]
[Site "Vishy Anand Arena"]
[Date "2020.09.19"]
[Round "8"]
[White "Ragavesh"]
[Black "Chessison"]
[Result "1-0"]
[WhiteElo "1684"]
[BlackElo "1634"]
[Annotator "NA"]
[PlyCount "89"]
[EventDate "2020.09.19"]
[EventType "swiss (blitz)"]

1. e4 e5 2. Nf3 Nc6 3. d4 exd4 4. Bc4 Nf6 5. O-O Be7 6. e5 Ne4 7. Nxd4 Nxd4 8. Qxd4 Nc5 9. Nc3 O-O 10. Qd1 d6 11. exd6 Qxd6 12. Nd5 Be6 13. Bf4 Qd7 14. Nxe7+ Qxe7 15. Bxe6 Nxe6 16. Be3 Rad8 17. Qf3 Qb4 18. b3 b6 19. c4 Nd4 20. Bxd4 Rxd4 21. Qe3 Rfd8 22. a3 Qd2 23. Qg3 h6 24. Qxc7 R4d7 25. Qg3 Rd3 26. Qh4 Rxb3 27. h3 Rbd3 28. Rad1 Qxd1 29. Rxd1 Rxd1+ 30. Kh2 R1d4 31. Qe7 R4d7 32. Qe2 Rd2 33. Qf3 R2d3 34. Qb7 R3d7 35. Qa6 Rd6 36. Qxa7 R6d7 37. Qxb6 Rd6 38. Qb5 R6d7 39. c5 Rd5 40. a4 R5d7 41. a5 Rd5 42. a6 R5d7 43. c6 Rd5 44. Qb7 Rd2 45. a7 1-0

[Event "Play for Durgesh Fundraiser Blitz"]
[Site "Vishy Anand Arena"]
[Date "2020.09.19"]
[Round "8"]
[White "Castle_64"]
[Black "Leolek"]
[Result "0-1"]
[WhiteElo "1678"]
[BlackElo "2214"]
[Annotator "NA"]
[PlyCount "72"]
[EventDate "2020.09.19"]
[EventType "swiss (blitz)"]

1. e4 Nc6 2. d4 e5 3. d5 Nce7 4. c4 Ng6 5. Nc3 Bb4 6. Bd2 Nf6 7. Bd3 O-O 8. Nf3 d6 9. O-O Nh5 10. Nxe5 Nxe5 11. Qxh5 Nxd3 12. a3 Bc5 13. b4 Bb6 14. Na4 Bxf2+ 15. Rxf2 Nxf2 16. Kxf2 Qf6+ 17. Qf3 Qxa1 18. Bc3 Qxa3 19. Qg3 f6 20. Nb2 Bd7 21. c5 Rae8 22. cxd6 cxd6 23. Nc4 Qa2+ 24. Nd2 Rxe4 25. Kf1 Bb5+ 26. Kg1 Re2 27. Nf1 Qxd5 28. h3 Bc6 29. Ne3 Rxe3 30. Qf2 Rxc3 31. Kh2 Qxg2+ 32. Qxg2 Bxg2 33. Kxg2 Re8 34. Kf2 Re4 35. h4 Rxb4 36. h5 Rb2+ 0-1

[Event "Play for Durgesh Fundraiser Blitz"]
[Site "Vishy Anand Arena"]
[Date "2020.09.19"]
[Round "8"]
[White "Arjunkhandelwal"]
[Black "Sathvik_adiga11"]
[Result "0-1"]
[WhiteElo "1677"]
[BlackElo "1740"]
[Annotator "NA"]
[PlyCount "30"]
[EventDate "2020.09.19"]
[EventType "swiss (blitz)"]

1. e4 e5 2. d3 Nc6 3. Nd2 Nf6 4. Ngf3 Bc5 5. Nb3 Bb6 6. Be3 Bxe3 7. fxe3 d6 8. Be2 O-O 9. O-O Ne7 10. Qe1 Ng6 11. Qg3 h6 12. Nbd2 Re8 13. Rf2 Nh5 14. Qxg6 fxg6 15. Raf1 Be6 0-1

[Event "Play for Durgesh Fundraiser Blitz"]
[Site "Vishy Anand Arena"]
[Date "2020.09.19"]
[Round "8"]
[White "Srivishva"]
[Black "Suryakhanal"]
[Result "0-1"]
[WhiteElo "1672"]
[BlackElo "1771"]
[Annotator "NA"]
[PlyCount "82"]
[EventDate "2020.09.19"]
[EventType "swiss (blitz)"]

1. e4 c5 2. d3 Nc6 3. f4 g6 4. Nf3 Bg7 5. g3 d6 6. Bg2 Nf6 7. O-O Bg4 8. Nc3 Nd4 9. Be3 Nd7 10. Bxd4 cxd4 11. Ne2 e5 12. h3 Bxf3 13. Rxf3 O-O 14. fxe5 dxe5 15. Qd2 Rc8 16. Raf1 Qc7 17. Rc1 Qd6 18. c3 Qb6 19. cxd4 exd4 20. Rff1 Ne5 21. h4 Ng4 22. Bh3 Rxc1 23. Rxc1 Bh6 24. Nf4 Ne3 25. Re1 Qd6 26. Qf2 Rc8 27. Ng2 Rc2 28. Re2 Rc1+ 29. Kh2 Nxg2 30. Qxg2 Be3 31. Bg4 h5 32. Bf3 Qa6 33. Rc2 Qxd3 34. Rxc1 Bxc1 35. b3 Be3 36. Qe2 Qc3 37. Qc4 Qe1 38. Qc8+ Kg7 39. Qc2 Bf2 40. Kh3 Qg1 41. Bg2 Qe1 0-1